Subdivisions - States of Germany by Flag with Arms - Statistics

General Stats
  • This quiz has been taken 29 times
  • The average score is 12 of 16
Answer Stats
Picture Answer % Correct
Bavaria /(Bayern)
96%
Berlin
96%
Hamburg
80%
Saxony /(Sachsen)
80%
Lower Saxony /(Niedersachsen)
76%
Thuringia /(Thüringen)
76%
Hesse /(Hessen)
72%
North Rhine-Westphalia /(Nordrhein-Westfalen)
72%
Saxony-Anhalt /(Sachsen-Anhalt)
72%
Baden-Württemberg
68%
Brandenburg
68%
Bremen
68%
Mecklenburg-Vorpommern
68%
Rhineland-Palatinate /(Rheinland-Pfalz)
64%
Saarland
64%
Schleswig-Holstein
60%
No matching quizzes found
Score Distribution
Percent of People with Each Score
Percentile by Number Answered
Your Score History
You have not taken this quiz